00325nam a2200133Ia 45000030006000000080041000060400015000471000032000622450049000942500010001432600009001535460012001620050017001740STCL150530s9999 xx 000 0 und d aSTCLcSTCL aHazlitt; Keynes, G.; Editor aSelected essyas of William Hazlitt 1778-1830 aFirst c1970 aEnglish20220125171135.0